00259nam a2200073 4500100003800000245011200038260002800150300000700178 aSomarathne,Radha Pramee Wadduwage aPCR Detection of Pork Contamination and Determination if Nitrite Content in Four Brands of Chicken Sausages aRjagiriyabIchemcc2018 a52